000 00205nam a22000857a 4500
001 1236321
005 20251001160738.0
245 _aGEVREKÇİİ
_cHACER KILCIOĞLU
260 _bGÜNIŞIĞI KİTAPLIĞI YAYINLARI
999 _c1236321
_d1236321